|
|
|
|
| LEADER |
00000nam1a2200000 4500 |
| 001 |
291870 |
| 005 |
20231102000432.0 |
| 020 |
|
|
|a RU
|b 84-9023
|
| 035 |
|
|
|a (RuTPU)RU\TPU\book\316461
|
| 090 |
|
|
|a 291870
|
| 100 |
|
|
|a 20150417d1983 k a0rusy5003 ca
|
| 101 |
1 |
|
|a rus
|c bul
|
| 200 |
1 |
|
|a Архитектура инженерных сооружений и промышленного интерьера
|e пер. с болг.
|f К. Костов
|
| 210 |
|
|
|a Москва
|c Стройиздат
|d 1983
|
| 215 |
|
|
|a 309 с.
|c ил.
|
| 606 |
|
|
|a Промышленная архитектура
|2 stltpush
|3 (RuTPU)RU\TPU\subj\52210
|9 70699
|
| 610 |
1 |
|
|a инженерные сооружения
|
| 610 |
1 |
|
|a композиции
|
| 610 |
1 |
|
|a виды
|
| 610 |
1 |
|
|a транспортные сооружения
|
| 610 |
1 |
|
|a автомобильные дороги
|
| 610 |
1 |
|
|a пешеходные мосты
|
| 610 |
1 |
|
|a энергетические объекты
|
| 610 |
1 |
|
|a вспомогательные сооружения
|
| 610 |
1 |
|
|a промышленный интерьер
|
| 610 |
1 |
|
|a производственная среда
|
| 610 |
1 |
|
|a пространство
|
| 610 |
1 |
|
|a организация
|
| 610 |
1 |
|
|a рабочая среда
|
| 610 |
1 |
|
|a архитектурно-строительные элементы
|
| 675 |
|
|
|a 725.4
|v 3
|
| 700 |
|
1 |
|a Костов
|b К.
|g Константин
|
| 801 |
|
0 |
|a RU
|b RuMRKP
|c 19950704
|g psbo
|
| 801 |
|
1 |
|a RU
|b 63413507
|c 20150417
|
| 801 |
|
2 |
|a RU
|b 63413507
|c 20181213
|g RCR
|
| 942 |
|
|
|c BK
|